Spy 2015 Movie Trivia - Melissa McCarthy, Jude Law, Jason Statham - Statistics

General Stats
  • This quiz has been taken 3 times
  • The average score is 8 of 32
Answer Stats
Hint Answer % Correct
What government agency is the movie about? CIA
100%
Who plays this character? Jason Statham
67%
This character is described in the film's press kit as a cross between John Rambo and Inspector Clouseau. Rick Ford
67%
What rapper was in the film? 50 Cent
33%
What level of Candy Crush does the antagonist reach on private plane in? 95
33%
This character is memorable is how he navigates through danger with an air of nonchalance. His interactions are laced with sarcasm yet reveal genuine camaraderie. He learned it on the Downton Abbey. Aldo
33%
One of the main characters undercover names? Amber Valentine
33%
Who plays this character? Bobby Cannavale
33%
The James Bond persona type character of the movie Bradley Fine
33%
The Hungarian capital city of Budapest, doubled for both the capital cities of Paris in France and Rome in Italy. Budapest
33%
One of the main characters undercover names? Carole Jenkins
33%
Who is the first name of the private plane pilot? Frederick
33%
Can this hotel by any murdery, name the hotel Hotel Modiere
33%
Who plays this character? Jude Law
33%
Who plays the protagonist? Melissa McCarthy
33%
One of the main characters undercover names? Penny Morgan
33%
Ben Falcone, the protagonist real life husband, asks for directions to what fast food place? Popeyes
33%
The color bowtie of the person that tries to kill one of the antagonist Purple
33%
What animals invade the CIA headquarters? Rats I Bats
33%
Who plays Rayna Boyanov, one of the antagonist of the movie Rose Byrne
33%
Main protagonist of the movie Susan Cooper
33%
The total number of toxic substances that a secret agent claimed that he was immune to over the course of the film was? 179
0%
The side entrance of the Hungarian State Opera House doubles as the exterior of this building Casino di Roma
0%
Writer-director-producer first began working on the film, around 2010, stating "A funny _____ _____ (2006) is my goal" Hint: one of the bond films Casino Royale
0%
Type of Martial Arts tthat are used for the movie's fight scenes. Melissa McCarthy was trained in Kali by Diana Lee Inosanto, daughter of Bruce Lee's best friend Dan Inosanto from "Enter the Dragon." Filipino I FMA
0%
One of the main movie posters for the film has main actress holding a gun James Bond spy-style with the poster completely tinted in gold evoking the early James Bond film _____ (1964) and the gold covered Bond Girl portrayed by actress Shirley Eaton. Goldfinger
0%
Who sang the opening song of the movie? Ivy Levan
0%
Filming featured shooting at the picturesque Lake _______, the largest inland lake in Europe, located an hour-and-a-half drive from Budapest, Hungary. Lake Balaton
0%
Director/Screenwriter of the movie Paul Feig
0%
Who plays Raynas mother, in the photo Rayna shows off Rachel Dratch
0%
Who plays one of the antagonist, who is an arms dealer? Sergio De Luca
0%
The Bond-like song heard during the Bondesque opening title credits sequence is called? Who Can You Trust?
0%
No matching quizzes found
Score Distribution
Percent of People with Each Score
Percentile by Number Answered
Your Score History
You have not taken this quiz